000 01524nam a2200277 a 4500
008 120416s1990 ||||||||||||||||| || u
020 _a0333471504
050 _aHD 1387 But
100 _aRichmond, David
245 1 0 _aAdvanced valuation
_cDiane Butler; David Richmond
260 _aLondon
_bMacmillan
_c1990
260 _aLondon
_bMacMillan Press
_c1990
300 _ax, 297p. : ill.
350 _a0.00
650 _aVALUATION
650 0 _aSURVEYING
650 _aLAND
650 _aLAND VALUATION
700 _aButler, Diane
995 _aANNEX COLLECTION (Main Library)
_D0.00
_e736397
_FCBU-MAIN LIBRARY (Kitwe)
_H1
_I26.50
_jHD 1387 But
_M1
_UAVAILABLE
_y40030
_ZAnnex Low-Usage Collection
995 _aANNEX COLLECTION (Main Library)
_D0.00
_e736398
_FCBU-MAIN LIBRARY (Kitwe)
_H4
_I26.50
_jHD 1387 But
_M4
_UAVAILABLE
_WAug 8, 2006
_y40029
_ZAnnex Low-Usage Collection
995 _aTEXTBOOKS (SBE)
_D0.00
_e2028
_FCBU-SCHOOL TEXTBOOK COLLECTIONS
_H1
_I0.00
_jSCHOOL TEXTBOOK
_M5
_UAVAILABLE
_WNov 19, 2008
_y2028
_ZSchool Collections
995 _aMAIN LIBRARY OPEN ACCESS
_D0.00
_e742542
_FCBU-MAIN LIBRARY (Kitwe)
_H1
_I0.00
_jHD 1387 But
_M6
_UAVAILABLE
_WMay 9, 2011
_y742542
_ZMain Library Open Access Collection
995 _aANNEX COLLECTION (Main Library)
_D0.00
_e736395
_FCBU-MAIN LIBRARY (Kitwe)
_H2
_I26.50
_jHD 1387 But
_M2
_UAVAILABLE
_y40031
_ZAnnex Low-Usage Collection
995 _aMAIN LIBRARY OPEN ACCESS
_D0.00
_e736396
_FCBU-MAIN LIBRARY (Kitwe)
_H3
_I26.50
_jHD 1387 But
_M3
_UAVAILABLE
_y40024
_ZMain Library Open Access Collection
999 _c83731
_d83731